000 02466nam a22003617a 4500
001 42835
003 gtgccic
005 20251113123604.0
007 ta
008 251113b gt ||||| |||| 00| 0 spa d
040 _agtgccic
_bspa
_cgtgccic
_erda
084 _0TPI-17-0115
100 1 0 _aLuis Enrique Velásquez Calderón
_dIngeniero Civil
_eautor
245 1 0 _aEvaluación del efecto de las sobre cargas del transporte pesado en la pérdida de serviciabilidad de las estructuras de pavimento,
_bpor medio de los factores equivalentes de carga por tipo de eje /
_cVelásquez Calderón, Luis Enrique
264 1 _aGuatemala, Guatemala :
_bUSAC, Facultad de Ingeniería ;
_c2017.-
300 _axxx, 81 p. :
_bil. ;
_c27 cm
336 _2rdacontenido
_aTexto
_btxt
337 _2rdamedio
_asin mediación
_bn
338 _2rdasoporte
_avolumen
_bnc
502 _aTesis Postgrado
_bMAESTRO EN INGENIERÍA VIAL
_cUSAC, Facultad de Ingeniería, Escuela de Postgrado
_d2017
_oTPI-17-0115
504 _aBibliografía pag. 61
505 _t1. GENERALIDADES
505 _t2. MARCO LEGAL
505 _t3. CÁLCULO DE LOS FACTORES EQUIVALENTES DE CARGA Y FACTORES CAMIÓN
505 _t4. ANÁLISIS TRAMO SIQUINALÁ - COCALES
520 3 _aA la fecha, en Guatemala es común leer en los medios de comunicación escrita que, un tramo de reciente construcción o rehabilitación, está presentando daños tempranos que repercuten en la pérdida de srviciabilidad del pavimento. Es sabido que el análisis de este tipo de fallas prematuras enlas estructuras de pavimente, requiere de una variedad de estudios, debido a que el comportamiento de estas estructuras está relacionado con un gran número de parámetros, los cuales se consideraron en el diseño estructural del mismo. Uno de estos parámetros es el tránsito vehicular, el cual de acuerdo a la limitación de infraestructura del país, no se cuenta con un control eficiente de los pesos de los vehículos de transporte pesado, esto debido a que no existen estaciones de básculas en todas las carreteras, donde predomina la circulación de estos vehículos, y en donde las hay, son fácilmente evadidas por los pilotos por medio de un sin número de acciones que se salen del control del personal a cargo de dichas oficinas.
650 _aTRANSPORTE
650 _aCAMIONES
650 _aPAVIMENTOS
700 _aMsc. Ing. Carlos Arnoldo Morales Rosales
_easesor
942 _2ddc
_cTPS
945 _aamlo
999 _c2528
_d2528